Treasure Island / (Record no. 47826)
| 000 -LEADER | |
|---|---|
| fixed length control field | 00488nam a2200145 4500 |
| 020 ## - INTERNATIONAL STANDARD BOOK NUMBER | |
| International Standard Book Number | 9780785125952 |
| 100 ## - MAIN ENTRY--PERSONAL NAME | |
| Personal name | Stevenson, Robert Louis. |
| 245 ## - TITLE STATEMENT | |
| Title | Treasure Island / |
| Statement of responsibility, etc | Robert Louis Stevenson. Adapted by Roy Thomas. |
| 260 ## - PUBLICATION, DISTRIBUTION, ETC. (IMPRINT) | |
| Place of publication, distribution, etc | New York: |
| Name of publisher, distributor, etc | Marvel, |
| Date of publication, distribution, etc | 2009. |
| 300 ## - PHYSICAL DESCRIPTION | |
| Extent | unpaged. |
| Other physical details | col. ill. |
| Dimensions | 22 cm. |
| 490 ## - SERIES STATEMENT | |
| Series statement | Marvel Graphic Novels; |
| 650 ## - SUBJECT ADDED ENTRY--TOPICAL TERM | |
| Topical term or geographic name as entry element | Caribbean Area History 18th century. |
| Form subdivision | Comic strips. |
| 9 (RLIN) | 85642 |
| 655 ## - INDEX TERM--GENRE/FORM | |
| Genre/form data or focus term | Graphics and comics. |
| 9 (RLIN) | 84335 |
| 942 ## - ADDED ENTRY ELEMENTS (KOHA) | |
| Source of classification or shelving scheme | |
| Koha item type | Books/GRAPHICS |
| Withdrawn status | Lost status | Source of classification or shelving scheme | Damaged status | Not for loan | Collection code | Home library | Current library | Date acquired | Total Checkouts | Full call number | Barcode | Date last seen | Date checked out | Price effective from | Koha item type |
|---|---|---|---|---|---|---|---|---|---|---|---|---|---|---|---|
| SECONDARY | Asian Hope Secondary Library | Asian Hope Secondary Library | 11/07/2024 | 9 | J GRAPHICS STE | 206640 | 03/05/2026 | 02/26/2026 | 11/07/2024 | Books/GRAPHICS |